1° diagnóstico da advocacia pública municipal no Brasil / (Record no. 31)
[ view plain ]
| 000 -LÍDER | |
|---|---|
| Campo Fixo de Controle | 01038cam a2200277 a 4500 |
| 001 - NÚMERO DE CONTROLE | |
| Campo de Controle | 31 |
| 003 - IDENTIFICAÇÃO DO NÚMERO DE CONTROLE | |
| Campo de Controle | BR-CuiBMT |
| 005 - DATA E HORA DA ÚLTIMA ATUALIZAÇÃO | |
| Campo de Controle | 20231129035332.0 |
| 008 - DADOS FIXOS | |
| Dados Fixos | 230804s2018 mbga 000 0 por d |
| 020 ## - INTERNATIONAL STANDARD BOOK NUMBER | |
| Nº do ISBN | 9788545004554 |
| 040 ## - AGÊNCIA CATALOGADORA | |
| Código da Agência Catalogadora | BR-CuiBMT |
| Agência que transcreveu o registro | BR-CuiBMT |
| 080 ## - Nº DA CLASSIFICAÇÃO DECIMAL UNIVERSAL | |
| Nº edição CDU | 2007 |
| Nº Class. CDU | 347.965 |
| 090 ## - NÚMERO DE CHAMADA | |
| Nº classificação | 347.965 |
| Cutter | M539p |
| 100 1# - ENTRADA PRINCIPAL -- AUTOR PESSOAL | |
| Nome pessoal | Mendonça, Clarice Corrêa de |
| 245 10 - TÍTULO PRINCIPAL | |
| Título principal | 1° diagnóstico da advocacia pública municipal no Brasil / |
| Indicação de responsabilidade | Clarice Corrêa de Mendonça,Raphael Diógenes Serafim Vieira, Nathália França Figuerêdo Porto ; prefácio, Carlos Figueiredo Mourão, Geórgia T. Jezler Campello. |
| 246 12 - FORMAS VARIANTES DO TÍTULO | |
| Título principal | Primeiro diagnóstico da advocacia pública municipal no Brasil |
| 260 ## - PUBLICAÇÃO, DISTRIBUIÇÃO, ETC. | |
| Local de publicação | Belo Horizonte : |
| Editora | Fórum, |
| Data | 2018. |
| 300 ## - DESCRIÇÃO FÍSICA | |
| N. páginas ou volumes | 102 p. : |
| Ilustrações | il. ; |
| Dimensões | 18 cm |
| 504 ## - NOTA DE BIBLIOGRAFIA, ETC. | |
| Nota de bibliografia | Inclui bibliografia. |
| 650 ## - ASSUNTO TÓPICO | |
| Cabeçalho tópico ou nome geográfico | Advocacia pública |
| Subdivisão geográfica | Brasil |
| 650 ## - ASSUNTO TÓPICO | |
| Cabeçalho tópico ou nome geográfico | Direito municipal |
| 650 ## - ASSUNTO TÓPICO | |
| Cabeçalho tópico ou nome geográfico | Organização judiciária |
| 700 1# - ENTRADA SECUNDÁRIA -- NOME PESSOAL | |
| Nome pessoal | Vieira, Raphael Diógenes Serafim |
| 700 1# - ENTRADA SECUNDÁRIA -- NOME PESSOAL | |
| Nome pessoal | Porto, Nathália França Figueiredo |
| 942 ## - ELEMENTOS DE ENTRADA ADICIONAIS (KOHA) | |
| Fonte de classificação ou esquema de arquivamento | Classificação Decimal Universal |
| Tipo de item do Koha | Livros |
| Estado: removido | Estado: perdido | Fonte de classificação ou esquema de arquivamento | Estado: danificado | Indisponível para empréstimo | Localização permanente | Localização atual | Data de aquisição | Total Checkouts | Número de Chamada completo | Código de barras | Date last seen | Número do exemplar | Preço efetivo a partir de | Tipo de item (Koha) |
|---|---|---|---|---|---|---|---|---|---|---|---|---|---|---|
| Classificação Decimal Universal | Biblioteca da Escola Superior de Contas do TCE/MT | Biblioteca da Escola Superior de Contas do TCE/MT | 28/06/2023 | 347.965 M539p | BIBTCEMT23080007 | 04/08/2023 | Ex. 1 | 04/08/2023 | Livros |